A polgári Iskolai tanárok szünidei tanfolyama
Elmentve itt :
| Dokumentumtípus: | Cikk |
|---|---|
| Megjelent: |
1935
|
| Sorozat: | A cselekvés iskolája
3 |
| Kulcsszavak: | Neveléstudomány |
| Online Access: | http://acta.bibl.u-szeged.hu/33292 |
| LEADER | 00524nab a2200157 i 4500 | ||
|---|---|---|---|
| 001 | acta33292 | ||
| 005 | 20210722093011.0 | ||
| 008 | 161017s1935 hu o 0|| hun d | ||
| 040 | |a SZTE Egyetemi Kiadványok Repozitórium |b hun | ||
| 041 | |a hun | ||
| 245 | 0 | 2 | |a A polgári Iskolai tanárok szünidei tanfolyama |h [elektronikus dokumentum] |
| 260 | |c 1935 | ||
| 300 | |a 99-100 | ||
| 490 | 0 | |a A cselekvés iskolája |v 3 | |
| 695 | |a Neveléstudomány | ||
| 856 | 4 | 0 | |u http://acta.bibl.u-szeged.hu/33292/1/cselekves_003_099-100.pdf |z Dokumentum-elérés |